000 00422nam a2200181Ia 4500
005 20240913125123.0
008 240913s9999||||xx |||||||||||||| ||und||
041 _aENGLISH
082 _A603 N7
100 _aArora M C (ed)
245 0 _aDictionary of Technical Terms
250 _a1st
260 _c1997
_bS Chand,New Delhi
500 _aREFERENCE
650 _aGeneral
_bGeneral
942 _cREF
999 _c244829
_d244829